000 00559nam a22002177a 4500
003 UA-OsUOA
001 90747
007 ta
008 20121120b un ||||| |||| 00| 0 ukr d
100 _aАмерханян С.
090 _a82
_bАм
942 _cSA
040 _aUA-OsUOA
_bukr
_cUA-OsUOA
_dUA-OsUOA
245 _aІнтегрування на уроках літератури
300 _aС.5-9
955 _a0
041 _aukr
080 _a82
773 0 _w90744
650 7 _a82 Література. Літературознавство
_2UDC
999 _c377028
_d377028